Max Niebur
Johns Hopkins A
Categories
Science - Chemistry | 2 | 4 | 1 | 0 | 65 | 43 | 90.00 | 6 | 6 |
Beliefs | 0 | 3 | 1 | 2 | 25 | 99 | 127.67 | 1 | 3 |
History - American History | 0 | 2 | 0 | 1 | 20 | 125 | 126.00 | 0 | 2 |
Social Science | 0 | 2 | 0 | 2 | 20 | 119 | 123.00 | 0 | 2 |
Chemistry> | 0 | 2 | 0 | 0 | 20 | 92 | 106.50 | 2 | 2 |
Other Science: Astronomy | 0 | 2 | 0 | 1 | 20 | 114 | 132.50 | 1 | 2 |
Science - Physics | 1 | 2 | 3 | 0 | 20 | 60 | 92.00 | 2 | 3 |
Other Science: Earth Science | 0 | 1 | 0 | 1 | 10 | 135 | 135.00 | 0 | 1 |
Other Academic | 0 | 1 | 0 | 0 | 10 | 97 | 97.00 | 0 | 1 |
History - World History | 0 | 1 | 0 | 1 | 10 | 133 | 133.00 | 0 | 1 |
Other Arts: Visual | 0 | 0 | 1 | 0 | -5 | 0.00 | 0 | 0 |